000 01198cam a22001934a 4500
005 20250605164002.0
008 250528s ||||||||||||||||||||||||d
035 _a15684
020 _a77077261
040 _aGR-AtMCL
_bgre
_dGR-AtMCL
_eAACR2
245 1 _aA Short Course of Economics
260 _bMcgraw Hill Book Company,
_c1993
300 _a226
520 _aThis book aims to present the essential principles of economics in as concise and clear a form as possible. Preface, Microeconomics, Demand and Supply and the Determination of Prices in Markets, Measuring the Responsiveness of Demand, Output Supply and Market Structure, Market Failure and Government Policy, National Macroeconomics, The Determination of National Income: A Simple Macroeconomic Model, Macroeconomic Policy, Macroeconomic Fluctuations: Output and Unemployment and Inflation and Interest Rates, Measuring Economic Performance: National Income Accounting, International Macroeconomics, Open Economy Macroeconomics, Exchange Rate Determination, The Money Supply Process in the United Kingdom, The European Monetary System, Index.
700 1 _aBlake David
_91615
942 _cBK
999 _c1246
_d1246